Gusto
Guardat en:
| Autor principal: | |
|---|---|
| Format: | Llibre |
| Idioma: | espanyol |
| Publicat: |
Buenos Aires
Adriana Hidalgo
2016
|
| Edició: | 1a. ed |
| Matèries: | |
| Etiquetes: |
Afegir etiqueta
Sense etiquetes, Sigues el primer a etiquetar aquest registre!
|
MARC
| LEADER | 00000cam a2200000 a 4500 | ||
|---|---|---|---|
| 001 | UCD6002 | ||
| 003 | CL-VaPUC | ||
| 008 | 161111e20160000ag |||||||||||||||||spa|d | ||
| 020 | |a 9789873793868 | ||
| 082 | 0 | 4 | |a 701.17 |b AGA |2 21 |
| 100 | 0 | |a Agamben, Giorgio |e author |9 589737 | |
| 245 | 1 | 0 | |a Gusto |
| 250 | |a 1a. ed | ||
| 300 | |a 68 p | ||
| 942 | |c BK | ||
| 945 | |d 20161111 10:35:00 |a dcastane | ||
| 260 | |a Buenos Aires |b Adriana Hidalgo |c 2016 | ||
| 650 | 0 | |a Estética |9 264950 | |
| 650 | 0 | |a Filosofía del arte |9 264951 | |
| 650 | 0 | |a Creación artística |9 266215 | |
| 583 | |a last modification |c 20161111 10:35:00 |k Rodrigo Vera | ||
| 999 | |c 366462 |d 366460 | ||
| 952 | |0 0 |1 0 |3 erb |4 0 |6 701_170000000000000_AGA_2016 |7 0 |8 A |9 480719 |a BIBART |b BIBART |i 5347696 |l 2 |m 1 |o 701.17 AGA 2016 |p 5347696 |r 2025-03-13 |s 2023-04-06 |w 2019-11-24 |y BK |z Catalogado en:20161111 |k ART | ||